Импульсные характеристики приемников излучения; Импульсная фотометрия; Вып. 3

Dades bibliogràfiques
Parent link:Импульсная фотометрия: [сборник статей]/ Государственный оптический институт им. С. И. Вавилова ; под ред. А. А. Волькенштейна.— , 1969-
Вып. 3.— 1973.— С. 31-35
Autor principal: Сапожников Р. А.
Altres autors: Летучий Ю. А., Филадельфина Н. А.
Idioma:rus
Publicat: 1973
Col·lecció:Общий раздел
Format: MixedMaterials Capítol de llibre
KOHA link:https://koha.lib.tpu.ru/cgi-bin/koha/opac-detail.pl?biblionumber=208081

MARC

LEADER 00000naa2a2200000 4500
001 208081
005 20231031191353.0
035 |a (RuTPU)RU\TPU\book\227118 
035 |a RU\TPU\book\227115 
090 |a 208081 
100 |a 20120131d1973 k y0rusy50 ca 
101 0 |a rus 
102 |a RU 
200 1 |a Импульсные характеристики приемников излучения  |f Р. А. Сапожников, Ю. А. Летучий, Н. А. Филадельфина 
225 1 |a Общий раздел 
320 |a Библиогр.: с. 35 (6 назв.) 
461 0 |0 (RuTPU)RU\TPU\book\226521  |t Импульсная фотометрия  |o [сборник статей]  |f Государственный оптический институт им. С. И. Вавилова ; под ред. А. А. Волькенштейна  |d 1969- 
463 0 |0 (RuTPU)RU\TPU\book\226899  |t Вып. 3  |v С. 31-35  |d 1973  |p 192 с. 
700 1 |a Сапожников  |b Р. А. 
701 1 |a Летучий  |b Ю. А. 
701 1 |a Филадельфина  |b Н. А. 
801 1 |a RU  |b 63413507  |c 20120131 
801 2 |a RU  |b 63413507  |c 20120131  |g RCR 
942 |c BK